Регионална библиотека "Любен Каравелов" - Русе

Etuden (Запис номер 306034)

MARC детайли
000 -Лидер
Контролно поле с фиксирана дължина 01170ncm a2200313 c 4500
003 - Код на организацията, давaща контролен номер
Контролно поле BLK
005 - Дата и час на последна редакция
Контролно поле 20241011005338.0
008 - Елементи от данни с фиксирана дължина
fixed length control field 180414b bul |a|er|||| |0| c|bulo|
010 ## - Наследен системен номер
LC control number NOT00001813000
040 ## - Източник на каталожния запис
Идентификатор на билиотеката - собственик на записа BLK
041 ## - Код за език
Код за езика на текст/звукозапис или на отделно заглавие Немски
Код за езика КДБФ Немски
080 ## - УДК
Текстов определител УДК Музика за пиано. Етюди, технически упражнения. Начални школи.
УДК код - определител по УДК 786.2.087.5
УДК определител
УДК - код + определител 786.2.087.5
100 1# - Редна дума - Автор
Автор Бургмюлер, Йохан Фридрих
Авторска отговорност първи автор
R(LIN) 43954
139 ## - Редно поле
Редна дума Бургмюлер, Йохан Фридрих
Авторски знак Бур - Б 87
245 10 - Сведения за заглавието
Заглавие Etuden
Подзаглавни данни Fur Klavier
Редно поле (дума) * Johann Friedrich Burgmuller; Йохан Фридрих Бургмюлер; hrsg. von Adolf Ruthardt.
Версия Op.105
257 ## - Страна на издаване
Страна на създаване/издаване Германия
260 ## - Област на издателските данни
-- Leipzig
Име на издателя, разпространителя и проч. Peters 3102
Година на издаване Б. г.
300 ## - Физическа характеристика
Страници 39 с.
Размери/Мащаб 30 см
380 ## - Жанр
Жанр Изкуство
650 #0 - Допълнително описание по предмет – тема
Основно описание – тема или топоним Пиано - етюди
9 (RLIN) 353307
700 1# - Други автори (авторска отговорност)
Лично име Burgmuller, Johann Friedrich
Автороска отговорност (Описва отношението между автора и произведението) *
9 (RLIN) 6458
700 1# - Други автори (авторска отговорност)
Лично име Ruthardt, Adolf
Автороска отговорност (Описва отношението между автора и произведението) hrsg. von
9 (RLIN) 388884
852 ## - Местоположение
Форматна сигнатура Цб М ІІ 2851
Част 0
856 4# - Електронен адрес и достъп
Електронен формат pdf - файл
Път до файла /url/
856 4# - Електронен адрес и достъп
Електронен формат pdf - файл
Път до файла /url/
942 ## - АРТИКУЛИ
Вид на библиотечния материал Нотни издания
Скрит в OPAC Не
944 ## - СЪЗДАВАНЕ И РЕДАКЦИЯ на ЗАПИСА
Създаване/Редакция Създаване
Дата на регистрацията/редакция 27.02.2006
Служител, извършил регистрацията/редакцията
Статус, дата на статуса CRON CRON
944 ## - СЪЗДАВАНЕ И РЕДАКЦИЯ на ЗАПИСА
Създаване/Редакция Редакция
Дата на регистрацията/редакция 27.02.2006
Служител, извършил регистрацията/редакцията
999 ## - СИСТЕМНИ КОНТРОЛНИ НОМЕРА
Koha biblionumber 306034
Koha biblioitemnumber 306034
Наличности
Код за отписване Код за изгубен артикул Източник на класификационната схема Код за повреда Коз за рестрикции Код за отдаване Артикулен № Име на библиотеката - собственик Име на библиотеката, в която се намира в момента Статус (Текущо местоположение) Дата на вписване в системата Местоположение - отдел Цена в лева Инвентарен номер Систематично азбучна сигнатура Баркод Номер на екземпляра Цена в евро Служебна бележка Служебен тип на артикула
  Не е изгубен Universal Decimal Classification Не е повреден без рестрикции ползва се в читалня 657840 Регионална библиотека "Любен Каравелов" Русе Регионална библиотека "Любен Каравелов" Русе Основен фонд - ползва се само за читалня 1977-01-01 Основен фонд - ползва се само за читалня 1.12 359670 Цб М II 2851 120000359670 1 0.57 N: стар фонд Дата: 01.01.1977 Нотни издания
  Не е изгубен Universal Decimal Classification Не е повреден без рестрикции ползва се в читалня 657841 Регионална библиотека "Любен Каравелов" Русе Регионална библиотека "Любен Каравелов" Русе Отдел Изкуство - читалня 1977-01-01 Основен фонд - ползва се само за читалня 1.23 426588 Цб М II 2851 120000426588 2 0.63 N: стар фонд Дата: 01.01.1977 Нотни издания
  Не е изгубен Universal Decimal Classification Не е повреден без рестрикции заемане за дома 657842 Регионална библиотека "Любен Каравелов" Русе Регионална библиотека "Любен Каравелов" Русе Отдел Изкуство - читалня 1977-01-01 Отдел Изкуство - подръчен фонд 1.12 359671 786.2/Б 87 И 120000359671 3 0.57 N: стар фонд Дата: 01.01.1977 Нотни издания
  Не е изгубен Universal Decimal Classification Не е повреден без рестрикции заемане за дома 657843 Регионална библиотека "Любен Каравелов" Русе Регионална библиотека "Любен Каравелов" Русе Отдел Изкуство - подръчен фонд 1977-01-01 Отдел Изкуство - подръчен фонд 1.12 376205 786.2/Б 87 И 120000376205 4 0.57 N: стар фонд Дата: 01.01.1977 Нотни издания
  Не е изгубен Universal Decimal Classification Не е повреден без рестрикции заемане за дома 657844 Регионална библиотека "Любен Каравелов" Русе Регионална библиотека "Любен Каравелов" Русе Отдел Изкуство - читалня 1977-01-01 Отдел Изкуство - подръчен фонд 1.32 376206 786.2/Б 87 Ф 120000376206 5 0.67 N: стар фонд Дата: 01.01.1977 Нотни издания
  Не е изгубен Universal Decimal Classification Не е повреден без рестрикции заемане за дома 657845 Регионална библиотека "Любен Каравелов" Русе Регионална библиотека "Любен Каравелов" Русе Отдел Изкуство - читалня 1977-01-01 Отдел Изкуство - подръчен фонд 1.23 426589 МП/786.2/Б 87 120000426589 6 0.63 N: стар фонд Дата: 01.01.1977 Нотни издания
  Не е изгубен Universal Decimal Classification Не е повреден без рестрикции заемане за дома 657846 Регионална библиотека "Любен Каравелов" Русе Регионална библиотека "Любен Каравелов" Русе Отдел Изкуство - подръчен фонд 1977-01-01 Отдел Изкуство - подръчен фонд 1.23 426590 786.2/Б 87 И 120000426590 7 0.63 N: стар фонд Дата: 01.01.1977 Нотни издания
Vip Innovations Ltd, Rousse, Bulgaria 2025